| 000 | 00976nam a2200277Ia 4500 | ||
|---|---|---|---|
| 003 | OSt | ||
| 005 | 20220923211142.0 | ||
| 006 | a|||||r|||| 00| 0 | ||
| 007 | ta | ||
| 008 | 220922b |||||||| |||| 00| 0 hin d | ||
| 020 | _a8186265392 (hbk) | ||
| 024 | _a158,181 | ||
| 037 | _cTextual | ||
| 040 |
_aARTS _cARTS _bhin |
||
| 041 |
_2hin _ahin |
||
| 082 | _aO152,3M80x, P0 | ||
| 100 |
_aअग्रवाल, बलराम, संपा. _9158789 |
||
| 245 | 0 | _aप्रेमचंद की जब्तशुदा कहानियां | |
| 246 | _aPremachanda kī jabtashudā kahāniyāan | ||
| 260 |
_aदिल्ली _b मनु प्रकाशन _c2000 |
||
| 300 |
_a175 पृ. _ccm. |
||
| 650 |
_a हिन्दी साहित्य _9156264 |
||
| 650 | _aहिन्दी कहानी | ||
| 942 |
_hO152,3M80x, P0 _cTEXL _2CC |
||
| 999 |
_c295984 _d295984 |
||